International Tax planning

Bibliographic Details
Main Author: Spitz, Barry
Format: Book
Published: London : Butterworths , 1972
Subjects:

MARC

LEADER 00000cam a2200000 7i4500
001 0000009232
005 20161123.0
020 |a 0406382352 
040 |a INS 
090 0 0 |a K4464   |b S65 1972 
100 0 |a Spitz, Barry 
245 1 0 |a International Tax planning   |c Barry Spitz 
260 |a London :   |b Butterworths ,   |c 1972 
300 |a 159p ;   |c 24cm. 
650 0 |a Conflict of law   |x Taxation 
650 0 0 |a Taxation planning 
999 |a 0000022550   |b BOOK   |c Open Shelf   |e Default branch